Statistiken für Austronesische Sprachen

Klicken Sie hier um das Quiz zu spielen!

Allgemein

  • Dieses Quiz wurde 30 mal gespielt
  • Das Durchschnittsergebnis liegt bei 4 aus 14

Antwortstatistiken

Antwort% Korrekt
Indonesisch
92%
Filipino/Tagalog/Philippinisch
65%
Malaysisch
46%
Javanesisch/Javanisch
35%
Madagassisch/Malagasy
35%
Maori/Maorisch
35%
Hawaiianisch/Hawaiisch
27%
Fidschianisch
19%
Kiribatisch
19%
Sundanesisch
19%
Tonganesisch/Tonganisch
15%
Cebuano
12%
Tahitisch/Tahitianisch
12%
Tetum
12%

Verteilung der Resultate

Perzentil nach korrekt beantworteten Fragen

Anzahl Personen mit jedem Resultat

Ihre Resultats-Entwicklung

Sie haben dieses Quiz noch nicht gespielt